书目信息 |
| 题名: |
科技文献检索教程
|
|
| 作者: | 张世良 主编 | |
| 分册: | ||
| 出版信息: | 北京 北京图书馆出版社 1997 |
|
| 页数: | 222页 | |
| 开本: | 20cm | |
| 丛书名: | ||
| 单 册: | ||
| 中图分类: | G252.7 | |
| 科图分类: | 37.656 | |
| 主题词: | 科技情报-情报检索--高等学校--教材 , 情报检索-科技情报--高等学校--教材 | |
| 电子资源: | ||
| ISBN: | 7-5013-1425-X | |
| 000 | 00665nam0 2200229 45 | |
| 001 | 0197041206 | |
| 005 | 20070730085840.31 | |
| 010 | @a7-5013-1425-X@dCNY11.60 | |
| 100 | @a19971125d1997 em y0chiy0121 ea | |
| 101 | 0 | @achi |
| 102 | @aCN@b110000 | |
| 105 | @ay z 000yy | |
| 200 | 10 | @a科技文献检索教程@Ake ji wen xian jian suo jiao cheng@f张世良主编 |
| 210 | @a北京@c北京图书馆出版社@d1997 | |
| 215 | @a222页@d20cm | |
| 606 | @a科技情报-情报检索@x高等学校@x教材 | |
| 606 | @a情报检索-科技情报@x高等学校@x教材 | |
| 690 | @aG252.7@v3 | |
| 692 | @a37.656@v2 | |
| 701 | 0 | @a张世良@Azhang shi liang@4主编 |
| 801 | 0 | @aCN@bTSSF@c20070730 |
| 905 | @a10447@dG252.7@e77 | |
| 科技文献检索教程/张世良主编.-北京:北京图书馆出版社,1997 |
| 222页;20cm |
| ISBN 7-5013-1425-X:CNY11.60 |
| ● |
| 相关链接 |
|
|
|
|
正题名:科技文献检索教程
索取号:G252.7/77
 
预约/预借
| 序号 | 登录号 | 条形码 | 馆藏地/架位号 | 状态 | 备注 |
| 1 | 0784268 | 207842682 | 第一样本阅览室/ [索取号:G252.7/77] | 在馆 | |
| 2 | 0784887 | 207848873 | 第四借阅区/ [索取号:G252.7/77] | 在馆 |